|
|
|
|
| LEADER |
00000nas a2200000 a 4500 |
| 001 |
ssj0000390398 |
| 003 |
WaSeSS |
| 005 |
20200512172242.0 |
| 006 |
m d |
| 007 |
cr n |
| 008 |
100815c20109999enk x p s 0 0eng c |
| 010 |
|
|
|a 2010243661
|
| 016 |
7 |
|
|a 101538881
|2 DNLM
|
| 016 |
7 |
|
|a 015401800
|2 Uk
|
| 022 |
|
|
|a 2090-0392
|y 2090-0384
|
| 035 |
|
|
|a (WaSeSS)ssj0000390398
|
| 040 |
|
|
|a UV0
|b eng
|c UV0
|d NLM
|d PFM
|d CUS
|d OCLCQ
|d OCLCF
|d OCLCQ
|d CASUM
|d OCLCA
|d AU@
|d OCLCA
|d VT2
|d UKMGB
|d WaSeSS
|
| 042 |
|
|
|a pcc
|
| 050 |
1 |
4 |
|a RC685.H8
|
| 060 |
1 |
0 |
|a W1
|
| 245 |
0 |
0 |
|a International journal of hypertension
|h [electronic resource].
|
| 260 |
|
|
|a London :
|b SAGE-Hindawi Access to Research
|
| 310 |
|
|
|a Irregular
|
| 362 |
1 |
|
|a Began with vol. 2010 (2010).
|
| 506 |
|
|
|a License restrictions may limit access.
|
| 515 |
|
|
|a Articles added irregularity during the year and collected into annual issues.
|
| 588 |
|
|
|a Description based on: 2010 (2010); title from HTML header (publisher's Web site, viewed Aug. 16, 2010).
|
| 588 |
|
|
|a Latest issue consulted: Vol. 2010 (viewed Oct. 28, 2010).
|
| 650 |
|
0 |
|a Hypertension
|v Periodicals.
|
| 650 |
|
7 |
|a Hypertension.
|2 fast
|0 (OCoLC)fst00965831
|
| 650 |
1 |
2 |
|a Hypertension.
|
| 655 |
|
0 |
|a Electronic journals.
|
| 856 |
4 |
0 |
|z Full text available from Research Library: 01/01/2014 to present
|u https://search.proquest.com/publication/2037457
|